Nancy Clark's sports nutrition guidebook (Record no. 18741)

MARC details
000 -LEADER
fixed length control field 00490nam a2200193 a 4500
001 - CONTROL NUMBER
control field 156325
003 - CONTROL NUMBER IDENTIFIER
control field OSt
005 - DATE AND TIME OF LATEST TRANSACTION
control field 20211001161749.0
008 - FIXED-LENGTH DATA ELEMENTS--GENERAL INFORMATION
fixed length control field 180809 ### HIN
020 ## - INTERNATIONAL STANDARD BOOK NUMBER
International Standard Book Number 9781450459938
082 ## - DEWEY DECIMAL CLASSIFICATION NUMBER
Classification number 613.2
Item number N15N
100 ## - MAIN ENTRY--PERSONAL NAME
Personal name Clark, Nancy
245 ## - TITLE STATEMENT
Title Nancy Clark's sports nutrition guidebook
Statement of responsibility, etc by Nancy Clark
250 ## - EDITION STATEMENT
Edition statement 5th ed.
260 ## - PUBLICATION, DISTRIBUTION, ETC. (IMPRINT)
Place of publication, distribution, etc Champaign
Name of publisher, distributor, etc Human Kinetics
Date of publication, distribution, etc 2014
300 ## - PHYSICAL DESCRIPTION
Extent ix, 507p.
653 ## - INDEX TERM--UNCONTROLLED
Uncontrolled term Athletes--Nutrition
942 ## - ADDED ENTRY ELEMENTS (KOHA)
Source of classification or shelving scheme Dewey Decimal Classification
Koha item type Books
Holdings
Withdrawn status Lost status Damaged status Not for loan Collection code Home library Current library Date acquired Source of acquisition Total Checkouts Full call number Barcode Date last seen Date checked out Price effective from Koha item type
        General Text Book Central University Of Rajasthan Central University Of Rajasthan 09/08/2018 SPS 4 613.2 N15N 31236 02/08/2023 18/07/2023 02/09/2020 Books
        General Text Book Central University Of Rajasthan Central University Of Rajasthan 09/08/2018 SPS 12 613.2 N15N 31237 12/03/2026 10/02/2026 02/09/2020 Books